Trong gia đình En Famile

Dịch từ nguyên bản tiếng Pháp En Famile; Kể về cuộc đời của co bé Perin mồ côi cha mẹ, vượt qua bao đau khổ, đói rét, nguy hiểm giữa rừng sâu để tìm về quê hương. Tại đây, Perin đã được Vunphran nhận làm cháu nội và giao cho quyền quản lý...

Full description

Saved in:
Bibliographic Details
Main Author: Malot, Hector
Other Authors: Huỳnh, Lý Mai Hương
Format: Book
Language:Undetermined
Published: H. Văn học 2010
Subjects:
Online Access:http://lrc.tdmu.edu.vn/opac/search/detail.asp?aID=2&ID=14830
Tags: Add Tag
No Tags, Be the first to tag this record!
Institutions: Trung tâm Học liệu Trường Đại học Thủ Dầu Một
LEADER 01329nam a2200229Ia 4500
001 TDMU_14830
008 210410s9999 xx 000 0 und d
082 |a 843 
090 |b M103 
100 |a Malot, Hector 
245 0 |a Trong gia đình 
245 0 |b En Famile 
245 0 |c Hector Malot; Huỳnh Lý Mai Hương (d.) 
260 |a H. 
260 |b Văn học 
260 |c 2010 
300 |a 387tr 
520 |a Dịch từ nguyên bản tiếng Pháp En Famile; Kể về cuộc đời của co bé Perin mồ côi cha mẹ, vượt qua bao đau khổ, đói rét, nguy hiểm giữa rừng sâu để tìm về quê hương. Tại đây, Perin đã được Vunphran nhận làm cháu nội và giao cho quyền quản lý tất cả nhà máy chế biến đay với niềm tin và tình yêu thương. 
650 |a Văn học Pháp  |x Tiểu thuyết xã hội; Tiểu thuyết pháp; Tiểu thuyết xã hội Pháp; Giải thưởng Viện Hàn lâm văn học Pháp  |x Tác phẩm đạt giải  |x Tiểu thuyết 
700 |a Huỳnh, Lý Mai Hương 
856 |u http://lrc.tdmu.edu.vn/opac/search/detail.asp?aID=2&ID=14830 
980 |a Trung tâm Học liệu Trường Đại học Thủ Dầu Một